| 000 | 01859nam a2200253 a 4500 | ||
|---|---|---|---|
| 999 |
_c1386 _d1386 |
||
| 003 | AR-BaISA | ||
| 005 | 20231009163503.0 | ||
| 006 | a||||fr|||| 00| 0 | ||
| 007 | ta | ||
| 008 | 230822s2023 ag ||||f |||| 00| 0 spa d | ||
| 020 | _a9789501201659 | ||
| 040 |
_bspa _cAR-BaISA |
||
| 082 | 0 | 4 |
_222 _a150.195 L115 |
| 100 | 1 |
_92316 _aLacan, Jacques _eaut. |
|
| 243 | _aEl seminario de Jacques Lacan | ||
| 245 | 1 | 0 |
_aLibro 6: _bel deseo y su interpretación. 1958-1959 / _cJacques Lacan; texto establecido por Jacques-Alalin Miller |
| 260 |
_aBuenos Aires: _bPaidós, _c2023 |
||
| 300 | _a581 p. | ||
| 505 |
_tConstrucción del grafo -- _tSuplemento de explicación -- _tDEL DESEO EN EL SUEÑO: _tEl sueño del padre muerto: "Él no sabía queda estaba muerto" -- _tEl sueño de la pequeña Anna -- _tEl sueño del padre muerto: "según su anhelo" -- _tIntroducción al objeto de deseo -- _tLa mediación fálica del deseo -- _tSOBRE UN SUEÑO ANALIZADO POR ELLA SHARPE: _tEl mensaje de la tosecilla -- _tEl fantasma del perro que ladra -- _tLa imagen del guante dado vuelta -- _tEl sacrificio de la dama tabú -- _tLa risa de los dioses inmortales -- _tEl acto imposible -- _tAtrapadeseos -- _tEl deseo de la madre -- _tNo hay Otro del Otro -- _tDuelo y deseo -- _tFalofanías -- _tLA DIALÉCTICA DEL DESEO: _tEl fantasma fundamental -- _tLa forma del corte -- _tCorte y fantasma -- _tLa función de la hendidura subjetiva en el fantasma perverso -- _tLa dialéctica del deseo en el neurótico -- _tEl o bien...o bien...del objeto -- _tLa función del splitting en la perversión -- _tCONCLUSIÓN Y OBERTURA: _tHacía la sublimación -- _tANEXOS: _tMarginalia del seminario sobre el deseo, por Jacques-Alain Miller |
||
| 600 | 1 | 0 |
_92316 _aLacan, Jacques |
| 650 | 1 | 0 |
_9141 _aPsicoanálisis |
| 700 |
_93031 _aMiller, Jacques-Alain _eaut. |
||
| 942 |
_2ddc _cLI _e22 |
||